000 00416nam a22001337a 4500
999 _c12921
_d12921
008 190206b ||||| |||| 00| 0 eng d
020 _a9712703975
082 _22003
_aDFil 899.211
_bSi3
245 _aKay nora aunor/
_cSoledad S. Reyes[Editor]
260 _aPasig City:
_bAnvil Publishing Inc.,
_c©2003
300 _axxxiv, page 506;
_c23 cm.
650 _aPhilippine literature (Filipino)
_936563
942 _2ddc
_cDFIL